I Am Going To A Party

Bibliographic Details
Main Author: Xavier,Matilda (Author)
Format: Book
Language:English
Series:Step By Step Readers
Subjects:

MARC

LEADER 00000cam a2200000 7i4500
001 0000091981
005 20180129.0
008 100526s1992 my ag 0000 f eng
020 |a 9679482758 
040 |a PERPUSTAM   |b eng   |c PERPUSTAM   |e rda 
090 0 0 |a J 428.6   |b SER 
100 1 |a Xavier,Matilda ,   |e author 
245 1 0 |a I Am Going To A Party   |c Matilda Xavier 
264 0 |a Melaka :   |b AED   |c 1992 
300 |a 8 pages :   |b colour illustration ;   |c 21 cm. 
336 |a still image, rdacontent 
336 |a text, rdacontent 
337 |a unmediated  |2 rdamedia 
338 |a volume  |2 rdacarrier 
490 1 |a Step By Step Readers 
650 0 0 |a Readers 
830 0 |a Step By Step Readers 
999 |a 0000122208   |b Buku   |c Koleksi Pinjaman Kanak-Kanak   |e Perpustakaan Cawangan Masjid Tanah 
999 |a 0000138167   |b Buku   |c Koleksi Pinjaman Kanak-Kanak   |e Perbadanan Perpustakaan Awam Melaka 
999 |a 0000138254   |b Buku   |c Koleksi Pinjaman Kanak-Kanak   |e Perbadanan Perpustakaan Awam Melaka 
999 |a 0000470527   |b Buku   |c Koleksi Pinjaman Kanak-Kanak   |e Perpustakaan Cawangan Jasin